Statistics for Flags of the Oceania (Very Hard)

Click here to take the quiz!

General Stats

  • This quiz has been taken 49 times
  • The average score is 22 of 30

Answer Stats

Answer% Correct
Fiji
97%
Papua New Guinea
97%
Australia
94%
Kiribati
94%
New Zealand
94%
Palau
94%
Federated States of Micronesia
89%
Tuvalu
89%
Samoa
86%
Tonga
86%
Vanuatu
86%
Nauru
81%
Solomon Islands
81%
Marshall Islands
78%
United States
78%
Indonesia
75%
Japan
75%
Chile
72%
Guam
69%
New Caledonia
56%
Niue
56%
American Samoa
53%
Cook Islands
53%
Norfolk Island
50%
French Polynesia
47%
Northern Mariana Islands
47%
Tokelau
44%
Wallis and Futuna
44%
Easter Island
42%
Pitcairn Islands
42%

Score Distribution

Percentile by Number Answered

Percent of People with Each Score

Your Score History

You have not taken this quiz